| 000 | 01064cam a22002895a 4500 | ||
|---|---|---|---|
| 001 | 16618754 | ||
| 003 | Nust- CAS-E | ||
| 005 | 20180118181401.0 | ||
| 008 | 110121s2011 nyu 000 0 eng | ||
| 010 | _a 2011921378 | ||
| 020 | _a1111037264 | ||
| 040 |
_aDLC _cDLC _dDLC |
||
| 042 | _apcc | ||
| 082 |
_a621.31 _bSTE 2011 |
||
| 100 | 1 | _aSteeby, Donald. | |
| 245 | 1 | 0 |
_aAlternative energy : _bsources and systems / _cDonald Steeby. |
| 250 | _a1st ed. | ||
| 260 |
_aClifton Park, NY : _bDelmar Cengage Learning, _c2011. |
||
| 263 | _a1108 | ||
| 300 | _ap. cm. | ||
| 856 | 4 | 2 |
_3Publisher description _uhttp://www.loc.gov/catdir/enhancements/fy1215/2011921378-d.html |
| 856 | 4 | 1 |
_3Table of contents only _uhttp://www.loc.gov/catdir/enhancements/fy1215/2011921378-t.html |
| 856 | 4 | 2 |
_3Contributor biographical information _uhttp://www.loc.gov/catdir/enhancements/fy1303/2011921378-b.html |
| 906 |
_a0 _bibc _corignew _d2 _eepcn _f20 _gy-gencatlg |
||
| 942 |
_2ddc _cBK |
||
| 999 |
_c355423 _d355423 |
||